| 000 | 00541nam a2200205Ia 4500 | ||
|---|---|---|---|
| 008 | 220204s9999 xx 000 0 und d | ||
| 082 |
_a541.14 _bSUP |
||
| 100 | _aSUPPAN, P | ||
| 245 | 0 | _aPrinciples of photochemistry | |
| 260 |
_aLondon _bChemical Society _c1972 |
||
| 490 | _aMonographs for teachers. 22 | ||
| 650 | _aFlash photolysis | ||
| 650 | _aIrradiation | ||
| 650 | _aLaboratory technique | ||
| 650 | _aMolecule | ||
| 650 | _aPhotochemical reaction | ||
| 650 | _aPhotochemistry | ||
| 650 | _aPhotosynthesis | ||
| 942 | _cBK | ||
| 999 |
_c30847 _d30847 |
||